[Event "Wch U20 37th"]
[Site "Calicut"]
[Date "1998.11.20"]
[Round "4"]
[White "Menon, Praveen R"]
[Black "Medak, Bojan"]
[Result "0-1"]
[WhiteElo "2005"]
[BlackElo "2220"]
[PlyCount "39"]
[EventDate "1998.11.17"]
[EventType "swiss"]
[EventRounds "13"]
[EventCountry "IND"]
[SourceTitle "CBM 067 Extra"]
[Source "ChessBase"]
[SourceDate "1999.01.01"]
[SourceVersion "1"]
[SourceVersionDate "1999.01.01"]
[SourceQuality "1"]

1. c4 e5 2. Nc3 Nc6 3. g3 f5 4. d3 Bb4 5. Bg2 Nf6 6. Bd2 0-0 7. e4 d6 8. a3 Bc5 9. Nf3 fxe4 10. dxe4 Bg4 11. 0-0 Nd4 12. h3 Nxf3+ 13. Bxf3 Bxh3 14. Bg2 Qd7 15. Qe2 Bg4 16. Qd3 Qf7 17. Nd5 Nxd5 18. Qxd5 Be6 19. Qd3 Bxf2+ 20. Rxf2 0-1